Last Player to Lead League in Assists for Every Team - Statistics

General Stats
  • This quiz has been taken 12 times
  • The average score is 13 of 20
Answer Stats
Team Year Player % Correct
LAC 2015 Chris Paul
100%
HOU 2017 James Harden
100%
LAL 2020 LeBron James
100%
WAS 2021 Russell Westbrook
100%
OKL 2019 Russell Westbrook
100%
ATL 2023 Trae Young
100%
DET 1985 Isiah Thomas
90%
UTA 1996 John Stockton
90%
PHO 2012 Steve Nash
90%
BKN 2003 Jason Kidd
80%
IND 2024 Tyrese Haliburton
80%
PHI 1968 Wilt Chamberlain
80%
BOS 1960 Bob Cousy
60%
SAC 2016 Rajon Rondo
50%
CLE 2002 Andre Miller
40%
NYK 2004 Stephon Marbury
30%
SAS 1982 Johnny Moore
20%
NOP 2013 Greivis Vasquez
10%
CHI 1967 Guy Rodgers
10%
GSW 1963 Guy Rodgers
10%
No matching quizzes found
Score Distribution
Percent of People with Each Score
Percentile by Number Answered
Your Score History
You have not taken this quiz